| 000 | 01708nam a2200517 i 4500 | ||
|---|---|---|---|
| 001 | 42348 | ||
| 003 | KOSZ 005 | ||
| 005 | 20230118112719.0 | ||
| 008 | 020528s2002 pl |001 0 pol | ||
| 015 | _aUWD 2002/11280 | ||
| 020 | _a8388170376 | ||
| 035 | _a991018268299705066 | ||
| 035 | _a(PL-WaBN)b1495204x-48omnis_nlop | ||
| 035 | _ab1495204x | ||
| 035 | _a(OCoLC)830314061 | ||
| 035 | _azz2002900585 | ||
| 035 | _a(PL)b0000001495204 | ||
| 035 | _a(EXLNZ-48OMNIS_NETWORK)9910170899405606 | ||
| 040 |
_aWA N _cWA N _dKOSZ 005/HR |
||
| 041 | 1 |
_apol _heng |
|
| 046 | _k2002 | ||
| 080 | _a005 | ||
| 080 | _a5 | ||
| 100 | 1 |
_aKoch, Richard _d(1950- ) _eAutor |
|
| 245 | 1 | 0 |
_aWszechmocne prawa : _bnauka sukcesu w biznesie / _cRichard Koch ; [tł. Jakub Kluziński]. |
| 246 | 1 |
_iTyt. oryg.: _aPower laws : _bthe science of success, 2000 |
|
| 260 |
_aWarszawa : _bK.E. Liber, _c2002. |
||
| 300 |
_aXVII, [1], 322 s. ; _c24 cm. |
||
| 336 |
_aTekst _btxt _2rdacontent |
||
| 337 |
_aBez urządzenia pośredniczącego _bn _2rdamedia |
||
| 338 |
_aWolumin _bnc _2rdacarrier |
||
| 380 | _aKsiążki | ||
| 388 | _a2001- | ||
| 504 | _aIndeks. | ||
| 650 | 7 |
_aNauki przyrodnicze _2DBN |
|
| 650 | 7 |
_aPrzedsiębiorstwo _2DBN |
|
| 650 | 7 |
_aSukces _2DBN |
|
| 650 | 7 |
_aZarządzanie _2DBN |
|
| 658 | _aZarządzanie i marketing | ||
| 650 | 7 |
_aMatematyka stosowana _2DBN |
|
| 700 | 1 |
_aKluziński, Jakub _eTłumaczenie |
|
| 710 | 2 |
_aWydawnictwo K.E Liber, Krzysztof Kołakowski _4pbl |
|
| 856 |
_uhttp://koha.tu.koszalin.pl/cgi-bin/koha/opac-detail.pl?biblionumber=42348 _yKatalog online BPK |
||
| 942 |
_2UKD _cKS |
||
| 999 |
_c42348 _d42348 |
||